Представление документа в формате RUSMARC

ПолеНазваниеЗначение
  Тип записи a
  Библиографический уровень m
001 Контрольный номер RU/IS/BASE/556108275
005 Дата корректировки 20251003164056.3
010 Индекс ISBN __
d Цена 150-00
100 Данные общей обработки __
a Данные общей обработки 19170815d2016||||||| 0rusy0189 ca
101 Язык документа 0_
a Язык текста rus
102 Страна публикации __
a Страна публикации ru|
105 Кодированные данные (монография) __
a Кодированные данные (монография) o|||||||000zy
200 Заглавие и сведения об ответственности 1_
a Заглавие Экологический отчет, 2016
f Первые сведения об ответственности [вступительное слово А. С. Нуряева]
b Общее обозначение материала Текст
210 Выходные данные __
a Место издания [Сургут]
c Издательство [б. и.]
d Дата издания 2016
215 Физическое описание __
a Объем 69 с.
c Иллюстрации/тип воспроизводства фот.
d Формат 30 см
300 Общие примечания __
a Общие примечания Обязат. экз. (2017)
300 Общие примечания __
a Общие примечания Издание доступно также в Интернете
330 Аннотация __
a Аннотация Представлены направления природоохранной деятельности "ОАО Сургутнефтегаз" и результаты по повышению экологической безопасности производственной деятельности в 2016 г.
601 Наименование организации как предмет __
a Наименование организации как предмет Сургутнефтегаз, ОАО
601 Наименование организации как предмет __
a Наименование организации как предмет ОАО "Сургутнефтегаз"
606 Тематические рубрики __
a Основная рубрика Экономика
606 Тематические рубрики __
a Основная рубрика Экономика топливной промышленности
z Хронологическая подрубрика 2016 г.
z Хронологическая подрубрика 21 в. нач.
y Географическая подрубрика Россия
y Географическая подрубрика Сургут
y Географическая подрубрика Сургутский район
y Географическая подрубрика Тюменская область
y Географическая подрубрика Ханты-Мансийский автономный округ - Югра
y Географическая подрубрика ХМАО-Югра
610 Ключевые слова __
a Ключевые слова безопасность производства
a Ключевые слова водоохранная деятельность
a Ключевые слова воздухоохранная деятельность
a Ключевые слова годовые отчеты
a Ключевые слова использование отходов
a Ключевые слова краеведение
a Ключевые слова нефтедобывающая промышленность
a Ключевые слова нефтедобывающие компании
a Ключевые слова нефтепромысловое оборудование
a Ключевые слова нефтяные загрязнения
a Ключевые слова отходы потребления
a Ключевые слова отходы производства
a Ключевые слова отчеты
a Ключевые слова охрана окружающей среды
a Ключевые слова охрана природы
a Ключевые слова природные ресурсы
a Ключевые слова природоохранная деятельность
a Ключевые слова рекультивация земель
a Ключевые слова утилизация отходов
a Ключевые слова экологическая безопасность
a Ключевые слова экологическая политика
a Ключевые слова экологический контроль
a Ключевые слова экологический мониторинг
a Ключевые слова экологическое страхование
a Ключевые слова экология
686 Индексы других классификаций __
2 Код системы rubbks
a Классификационный индекс К65.305.143(2Рос-6Хан)
702 Вторичная интеллектуальная ответственность _1
a Фамилия Нуряев
b Имя А. С.
4 Код отношения Автор предисловия и т.д.
4 Код отношения 080
710 Наименование организации. (Первичная ответственность) __
a Организация/ юрисдикция Сургутнефтегаз, открытое акционерное общество
801 Источник записи _0
a Страна ru
b Организация Муниципальное бюджетное учреждение культуры "Централизованная библиотечная система" г. Сургут (Центральная городская библиотека им. А. С. Пушкина)
c Дата составления 20170815
g Правила каталогизации RCR
801 Источник записи _1
a Страна ru
b Организация Муниципальное бюджетное учреждение культуры "Централизованная библиотечная система" г. Сургут (Центральная городская библиотека им. А. С. Пушкина)
c Дата составления 20170815
g Правила каталогизации RCR
852 Данные о местонахождении __
j Шифр хранения К65.305.143(2Рос-6Хан)
i Авторский знак С 90
901 Тип документа 1_
t Тип документа m
a Ответственный КиК/Котельникова
903 Характеристики (МАРС) __
a Дата передачи 20170815
990 Данные о заказе (DOS) __
j Количество экземпляров (DOS) 2
t N записи в КСУ для И/У (DOS) 201708